| 000 | 00649nam a2200217Ia 4500 | ||
|---|---|---|---|
| 003 | GCL | ||
| 008 | 140319s9999 xx 000 0 ara d | ||
| 040 |
_aGCL / _cGCL |
||
| 082 | 0 | 4 |
_a346.04 _bا ت |
| 100 | 1 | _aاحمد خالد علام | |
| 245 | 1 | 0 |
_aالتشريعات المنظمة للعمران / _cاحمد خالد علام |
| 260 |
_a[S.N] : _bمكتبة الانجلوالمصرية ، _c1986 |
||
| 300 | _a388 ص | ||
| 490 | _a | ||
| 650 | 0 | 4 | _aالقانون |
| 650 | 0 | 4 | _aالقانون المدنى |
| 650 | 0 | 4 | _aالهندسة الصحية |
| 650 | 0 | 4 | _aتخطيط المدن |
| 650 | 0 | 4 | _aالاراضى |
| 942 |
_2ddc _cBK |
||
| 999 |
_c28401 _d28401 |
||